Регионална библиотека "Любен Каравелов" - Русе

Ариб, повелителката на халифи (Запис номер 154453)

MARC детайли
000 -Лидер
Контролно поле с фиксирана дължина 01290nam a2200349 c 4500
003 - Код на организацията, давaща контролен номер
Контролно поле BLK
005 - Дата и час на последна редакция
Контролно поле 20240109155854.0
008 - Елементи от данни с фиксирана дължина
fixed length control field 180410b bul|||||r ||||||| ||bul||
010 ## - Наследен системен номер
LC control number KNG00161077000
020 ## - Международен стандартен номер на книга ISBN
Международен стандартен номер на книга ISBN 978-954-357-262-5
-- издат.: ЕМАС
040 ## - Източник на каталожния запис
Идентификатор на билиотеката - собственик на записа BLK
041 ## - Код за език
Код за езика на текст/звукозапис или на отделно заглавие Български
Код за езика КДБФ Български
072 #7 - Код за тематичната категория
Код организация bullib
Код за тематична категория Н83
Текст Чужда художествена литература Н
080 ## - УДК
Текстов определител УДК Немска литература
УДК код - определител по УДК 821.112.2
УДК определител -31
УДК - код + определител 821.112.2-31
100 1# - Редна дума - Автор
Автор Имхоф, Агнес
R(LIN) 332454
139 ## - Редно поле
Редна дума Имхоф, Агнес
Авторски знак Имп - И 60
245 10 - Сведения за заглавието
Заглавие Ариб, повелителката на халифи
Подзаглавни данни Роман
Редно поле (дума) Агнес Имхоф; прев. от нем. Ваня Пенева.
257 ## - Страна на издаване
Страна на създаване/издаване Германия
260 ## - Област на издателските данни
-- София
Име на издателя, разпространителя и проч. ЕМАС
Година на издаване 2013
300 ## - Физическа характеристика
Страници 400 с.
Размери/Мащаб 22 см
380 ## - Жанр
Жанр Худож. лит.
500 ## - Общи забележки
Забележка Ориг. загл. Die Konigin der Seidenstrabe / Agnes Imhof. - Съдържа и за авт.
653 ## - Ключова дума – ненормативна
Ключова дума романи
659 ## - Тематичен бюлетин
Тематичен бюлетин Н
700 1# - Други автори (авторска отговорност)
Лично име Пенева, Ваня
Автороска отговорност (Описва отношението между автора и произведението) прев. от нем.
9 (RLIN) 363385
852 ## - Местоположение
Форматна сигнатура Цб 268922
856 4# - Електронен адрес и достъп
Електронен формат pdf - файл
Път до файла /url/
856 4# - Електронен адрес и достъп
Електронен формат pdf - файл
Път до файла /url/
942 ## - АРТИКУЛИ
Вид на библиотечния материал Книги
Скрит в OPAC Не
Koha issues (borrowed), all copies 28
944 ## - СЪЗДАВАНЕ И РЕДАКЦИЯ на ЗАПИСА
Създаване/Редакция Създаване
Дата на регистрацията/редакция 22.05.2014
Статус, дата на статуса Цветелина Шанова
Служител, извършил регистрацията/редакцията 30531
944 ## - СЪЗДАВАНЕ И РЕДАКЦИЯ на ЗАПИСА
Създаване/Редакция Редакция
Дата на регистрацията/редакция 19.09.2016
Статус, дата на статуса ф /
Служител, извършил регистрацията/редакцията Пенка_Димитрова
999 ## - СИСТЕМНИ КОНТРОЛНИ НОМЕРА
Koha biblionumber 154453
Koha biblioitemnumber 154453
Наличности
Код за отписване Код за изгубен артикул Код за повреда Коз за рестрикции Код за отдаване Артикулен № Име на библиотеката - собственик Име на библиотеката, в която се намира в момента Статус (Текущо местоположение) Дата на вписване в системата Местоположение - отдел Цена в лева Инвентарен номер Систематично азбучна сигнатура Баркод Номер на екземпляра Цена в евро Служебна бележка Служебен тип на артикула Източник на класификационната схема
  Не е изгубен Не е повреден без рестрикции заемане за дома 258900 Регионална библиотека "Любен Каравелов" Русе Регионална библиотека "Любен Каравелов" Русе Заемна - подръчен фонд 2014-05-23 Заемна - подръчен фонд 13.17 120000777577 П 830-31/И 60 120000777577 1 6.73 Дост: Pk Вид: Ф N: 316 Дата: 21.05.2014 Дата инв: 12.02.2018 Бележки инв: П2018 Книги  
  Не е изгубен Не е повреден без рестрикции заемане за дома 258901 Регионална библиотека "Любен Каравелов" Русе Регионална библиотека "Любен Каравелов" Русе Заемна - подръчен фонд 2014-05-23 Заемна - подръчен фонд 13.17 120000777578 П 830-31/И 60 120000777578 2 6.73 Дост: Pk Вид: Ф N: 316 Дата: 21.05.2014 Дата инв: 07.03.2018 Бележки инв: П2018 Книги Universal Decimal Classification
Изтеглен Не е изгубен Не е повреден без рестрикции заемане за дома 258902 Регионална библиотека "Любен Каравелов" Русе Регионална библиотека "Любен Каравелов" Русе Заемна - подръчен фонд 2014-08-25 Заемна - подръчен фонд 13.18 120000779945 П 830-31/И 60 120000779945 3 6.74 Дост: Pk Вид: Ф N: 365 Дата: 15.08.2014 Дата инв: 12.02.2018 Бележки инв: П2018 Книги Universal Decimal Classification
  Не е изгубен Не е повреден без рестрикции ползва се в читалня 258903 Регионална библиотека "Любен Каравелов" Русе Регионална библиотека "Любен Каравелов" Русе Хранилище 2016-09-19 Хранилище 16.00 120000803919 Цб 268922 120000803919 4 8.18 Дост: Dp Вид: Д N: 33 Дата: 08.07.2016 Книги  
Vip Innovations Ltd, Rousse, Bulgaria 2025